[Event "Titled Tuesday intern op 12th Dec Early"]
[Site "Chess.com INT"]
[Date "2023.12.12"]
[Round "2"]
[White "Durucay, Uygar"]
[Black "Gormally, Daniel"]
[Result "0-1"]
[WhiteElo "1968"]
[BlackElo "2442"]
[PlyCount "134"]
[EventDate "2023.12.12"]
[EventType "swiss (blitz)"]
[EventRounds "11"]
[EventCountry "USA"]
[SourceTitle "CB51_2023"]
[SourceDate "2023.12.20"]
[SourceVersion "1"]
[SourceVersionDate "2023.12.20"]
[SourceQuality "1"]

1. d4 Nf6 2. Nf3 e6 3. Bg5 b6 4. Nbd2 Bb7 5. c3 h6 6. Bh4 Be7 7. Qc2 c5 8. e3 cxd4 9. exd4 0-0 10. Bd3 Nc6 11. 0-0 Rc8 12. Qa4 a6 13. Qd1 b5 14. a4 b4 15. c4 Nh5 16. Bxe7 Nxe7 17. Re1 a5 18. Nb3 d6 19. Be4 Bxe4 20. Rxe4 Nf6 21. Re1 Rxc4 22. Qd3 Rc8 23. Qb5 Ra8 24. Rac1 Ned5 25. Nfd2 Qd7 26. Qxd7 Nxd7 27. Nc4 N7b6 28. Nbxa5 Nxa4 29. Ra1 Nab6 30. Nxd6 Rfd8 31. Nab7 Rxa1 32. Rxa1 Rd7 33. Rc1 b3 34. Rc6 Na4 35. Nc5 Nxc5 36. dxc5 Ra7 37. g3 Ra1+ 38. Kg2 Rb1 39. Nc4 Rc1 40. Rc8+ Kh7 41. Na5 Rc2 42. Nxb3 Rxb2 43. Nd4 Rd2 44. Nb5 Ne3+ 45. Kf3 Nd1 46. c6 Rxf2+ 47. Ke4 Rb2 48. c7 Rxb5 49. Rh8+ Kxh8 50. c8Q+ Kh7 51. Qc2 Rd5 52. Kf3+ g6 53. g4 Kg7 54. h4 g5 55. h5 Rd4 56. Qc1 Rf4+ 57. Ke2 Nf2 58. Qa1+ Kh7 59. Qb1+ Kg8 60. Qb8+ Kg7 61. Qb2+ Kh7 62. Qb1+ Ne4 63. Qb7 Kg7 64. Qb2+ Nf6 65. Qd2 Rxg4 66. Qa5 Rh4 67. Qe5 Re4+ 0-1

[Event "Titled Tuesday intern op 12th Dec Early"]
[Site "Chess.com INT"]
[Date "2023.12.12"]
[Round "4"]
[White "Durucay, Uygar"]
[Black "Melikhov, Evgeny V"]
[Result "0-1"]
[WhiteElo "1968"]
[BlackElo "2192"]
[PlyCount "76"]
[EventDate "2023.12.12"]
[EventType "swiss (blitz)"]
[EventRounds "11"]
[EventCountry "USA"]
[SourceTitle "CB51_2023"]
[SourceDate "2023.12.20"]
[SourceVersion "1"]
[SourceVersionDate "2023.12.20"]
[SourceQuality "1"]

1. d4 Nf6 2. Nf3 d5 3. c4 e6 4. cxd5 exd5 5. Bf4 Bd6 6. Bg5 h6 7. Bh4 Be7 8. Qc2 c6 9. Nc3 0-0 10. e3 Nh5 11. Bg3 Nxg3 12. hxg3 Nd7 13. Bd3 Nf6 14. 0-0 Re8 15. a3 Bd6 16. b4 a6 17. Rab1 Ng4 18. a4 Bxg3 19. fxg3 Nxe3 20. Qf2 Nxf1 21. Rxf1 Qd6 22. Ne5 Be6 23. Nxf7 Bxf7 24. Qxf7+ Kh8 25. Qf5 g6 26. Qh3 Kg7 27. Ne2 Re3 28. Nf4 Rf8 29. Bb1 Rf6 30. Kh2 h5 31. Qh4 Kh6 32. Nxh5 Rxf1 33. Nf4+ Kg7 34. Bxg6 Rxf4 35. Qh7+ Kf6 36. Qf7+ Kg5 37. gxf4+ Qxf4+ 38. Qxf4+ Kxf4 0-1

[Event "Istanbul Bagcilar op"]
[Site "Istanbul"]
[Date "2023.09.09"]
[Round "9"]
[White "Durucay, Uygar"]
[Black "Elashvili, Giorgi"]
[Result "0-1"]
[WhiteElo "2131"]
[BlackElo "1912"]
[PlyCount "132"]
[EventDate "2023.09.03"]
[EventType "swiss"]
[EventRounds "9"]
[EventCountry "TUR"]
[SourceTitle "EXT 2024"]
[Source "ChessBase"]
[SourceDate "2023.10.10"]
[SourceVersion "1"]
[SourceVersionDate "2023.10.10"]
[SourceQuality "1"]

1. d4 Nf6 2. Nf3 g6 3. Bg5 Bg7 4. Nbd2 h6 5. Bh4 d6 6. c3 0-0 7. e4 c5 8. dxc5 dxc5 9. Be2 Nc6 10. 0-0 Nh5 11. Qc2 Qc7 12. a4 b6 13. Rfe1 g5 14. Bg3 Nxg3 15. hxg3 Bb7 16. Nc4 Rad8 17. Bd3 e6 18. Ne3 Rd7 19. Qe2 Na5 20. Bc2 Rfd8 21. Nh2 Rd2 22. Qh5 Qe7 23. Nhg4 Qf8 24. Rac1 Ba6 25. b4 Nc4 26. b5 Nxe3 27. Rxe3 Bb7 28. e5 a6 29. Kh2 axb5 30. axb5 Ra8 31. Rd3 Rxc2 32. Rxc2 Be4 33. Rcd2 Bg6 34. Qh3 h5 35. Ne3 Bxe5 36. Rd7 Qg7 37. Rd8+ Rxd8 38. Rxd8+ Kh7 39. Kg1 Qf6 40. Rd1 Bxc3 41. g4 h4 42. Qf3 Qxf3 43. gxf3 Bd4 44. Rd2 f6 45. Nc4 Be8 46. Nd6 Bg6 47. Nc8 Be8 48. Na7 e5 49. Nc6 Bf7 50. Ne7 c4 51. Nc6 c3 52. Rc2 Bb3 53. Rc1 c2 54. Nb4 Bb2 55. Rxc2 Bxc2 56. Nxc2 Bd4 57. Na3 Kg6 58. Nc4 Bc5 59. Kg2 Kf7 60. Nd2 Ke6 61. Ne4 Be7 62. Nc3 Kd6 63. Na4 Bd8 64. f4 exf4 65. Kf3 Kd5 66. Nc3+ Ke5 0-1

[Event "Istanbul op"]
[Site "Istanbul"]
[Date "2023.08.26"]
[Round "1"]
[White "Durucay, Uygar"]
[Black "Abdulov, Orkhan Javanshir"]
[Result "0-1"]
[WhiteElo "2131"]
[BlackElo "2401"]
[PlyCount "74"]
[EventDate "2023.08.26"]
[EventType "swiss"]
[EventRounds "9"]
[EventCountry "TUR"]
[SourceTitle "EXT 2024"]
[Source "ChessBase"]
[SourceDate "2023.10.10"]
[SourceVersion "1"]
[SourceVersionDate "2023.10.10"]
[SourceQuality "1"]

1. d4 Nf6 2. Nf3 c5 3. d5 g6 4. Nc3 Bg7 5. e4 d6 6. Bb5+ Bd7 7. a4 0-0 8. Be2 Na6 9. 0-0 Nc7 10. Nd2 a6 11. a5 Nb5 12. Bd3 Nxc3 13. bxc3 e6 14. dxe6 Bxe6 15. Qe2 d5 16. Ba3 Rc8 17. e5 Nd7 18. f4 f6 19. c4 fxe5 20. f5 Bxf5 21. Bxf5 gxf5 22. cxd5 e4 23. Rab1 Qxa5 24. Rxb7 Qxa3 25. Rxd7 Qa4 26. Ra7 Qxc2 27. Kh1 c4 28. Qe3 Qc3 29. Qg5 Qd4 30. Rb7 c3 31. Nb3 Qf6 32. Qg3 c2 33. Nc1 Qe5 34. Qb3 Kh8 35. Ne2 Rfd8 36. Qa3 Qxd5 37. Qe7 Qe5 0-1

[Event "Titled Tuesday intern op 15th Aug Early"]
[Site "Chess.com INT"]
[Date "2023.08.15"]
[Round "1"]
[White "Dubov, Daniil"]
[Black "Durucay, Uygar"]
[Result "1-0"]
[WhiteElo "2716"]
[BlackElo "2131"]
[PlyCount "39"]
[EventDate "2023.08.15"]
[EventType "swiss (blitz)"]
[EventRounds "11"]
[EventCountry "USA"]
[SourceTitle "EXT 2024"]
[Source "ChessBase"]
[SourceDate "2023.10.10"]
[SourceVersion "1"]
[SourceVersionDate "2023.10.10"]
[SourceQuality "1"]

1. d4 Nf6 2. Nf3 e6 3. Bg5 d5 4. Nbd2 Be7 5. e3 0-0 6. Bd3 h6 7. Bf4 c5 8. c3 Nc6 9. g4 Nxg4 10. Rg1 e5 11. Nxe5 Ncxe5 12. dxe5 Bh4 13. Rxg4 Bxg4 14. Qxg4 Bg5 15. 0-0-0 Qc8 16. Bf5 Qd8 17. Rg1 g6 18. h4 Bxf4 19. Bxg6 Kh8 20. Qxf4 1-0

[Event "Titled Tuesday intern op 15th Aug Early"]
[Site "Chess.com INT"]
[Date "2023.08.15"]
[Round "2"]
[White "Durucay, Uygar"]
[Black "Pogorelskikh, Sofia"]
[Result "1-0"]
[WhiteElo "2131"]
[BlackElo "2153"]
[PlyCount "59"]
[EventDate "2023.08.15"]
[EventType "swiss (blitz)"]
[EventRounds "11"]
[EventCountry "USA"]
[SourceTitle "EXT 2024"]
[Source "ChessBase"]
[SourceDate "2023.10.10"]
[SourceVersion "1"]
[SourceVersionDate "2023.10.10"]
[SourceQuality "1"]

1. d4 Nf6 2. Nf3 g6 3. Bg5 Bg7 4. Nbd2 d5 5. e3 0-0 6. Be2 Nbd7 7. 0-0 b6 8. a4 a5 9. c4 Bb7 10. Rc1 Ne4 11. Bf4 dxc4 12. Bxc4 Nd6 13. Bb3 Rc8 14. Re1 c5 15. Nc4 Nxc4 16. Bxc4 cxd4 17. exd4 Nf6 18. b3 Nd5 19. Bg3 e6 20. Be5 Nb4 21. Bxg7 Kxg7 22. Qe2 Bd5 23. Qe5+ Qf6 24. h4 Rfd8 25. h5 h6 26. hxg6 Kxg6 27. Bxd5 Rxd5 28. Qg3+ Kh7 29. Rxc8 Nd3 30. Qg8# 1-0

[Event "Titled Tuesday intern op 15th Aug Early"]
[Site "Chess.com INT"]
[Date "2023.08.15"]
[Round "7"]
[White "Durucay, Uygar"]
[Black "Ziatdinov, Raset"]
[Result "1-0"]
[WhiteElo "2131"]
[BlackElo "2081"]
[PlyCount "67"]
[EventDate "2023.08.15"]
[EventType "swiss (blitz)"]
[EventRounds "11"]
[EventCountry "USA"]
[SourceTitle "EXT 2024"]
[Source "ChessBase"]
[SourceDate "2023.10.10"]
[SourceVersion "1"]
[SourceVersionDate "2023.10.10"]
[SourceQuality "1"]

1. d4 Nf6 2. Nf3 g6 3. Bg5 Bg7 4. Nbd2 d6 5. c3 0-0 6. e4 h6 7. Bh4 Nc6 8. Bd3 e5 9. dxe5 dxe5 10. Qc2 Be6 11. 0-0 g5 12. Bg3 Nh5 13. Rfe1 Nxg3 14. hxg3 Qe7 15. Nc4 Rad8 16. Ne3 Qf6 17. Bc4 Ne7 18. Bxe6 Qxe6 19. Rad1 c6 20. c4 Qg6 21. g4 h5 22. c5 hxg4 23. Nxg4 Qe6 24. Ne3 Bh6 25. Nh2 Bg7 26. Nhg4 Kh7 27. g3 Kg6 28. Kg2 Rh8 29. Qc4 Qxc4 30. Nxc4 f6 31. Nd6 b6 32. b4 Rd7 33. Nf5 Rhd8 34. Nxe7+ 1-0

[Event "Cesme op-A 9th"]
[Site "Cesme"]
[Date "2023.06.21"]
[Round "4"]
[White "Durucay, Uygar"]
[Black "Eren, Ataberk"]
[Result "0-1"]
[WhiteElo "2067"]
[BlackElo "2342"]
[PlyCount "100"]
[EventDate "2023.06.19"]
[EventType "swiss"]
[EventRounds "9"]
[EventCountry "TUR"]
[SourceTitle "CBM 214 Extra"]
[Source "ChessBase"]
[SourceDate "2023.07.31"]
[SourceVersion "1"]
[SourceVersionDate "2023.07.31"]
[SourceQuality "1"]

1. d4 Nf6 2. Nf3 d5 3. Bf4 e6 4. e3 Bd6 5. Bg3 0-0 6. Bd3 c5 7. c3 Qc7 8. Nbd2 Nbd7 9. 0-0 Bxg3 10. hxg3 e5 11. dxe5 Nxe5 12. Nxe5 Qxe5 13. Nf3 Qe7 14. Qc2 Rd8 15. Rfe1 Bg4 16. c4 g6 17. Qb3 Rab8 18. a4 Rd6 19. cxd5 Nxd5 20. Bc4 Nb4 21. Rad1 Rbd8 22. Rxd6 Rxd6 23. e4 Be6 24. e5 Rd3 25. Bxe6 Rxb3 26. Bxb3 Nd3 27. Re3 Nxb2 28. Bd5 Qd8 29. e6 fxe6 30. Bxe6+ Kg7 31. Re2 Qd1+ 32. Re1 Qd6 33. Bh3 c4 34. Re6 Qd8 35. Re3 Nd3 36. Re4 Qd5 37. Rd4 Qc5 38. Be6 Ne5 39. Rf4 Nxf3+ 40. gxf3 c3 41. Rf7+ Kh6 42. Bb3 c2 43. Bxc2 Qxc2 44. f4 Qxa4 45. Rxb7 Qd1+ 46. Kh2 Qf3 47. Rf7 Qxf2+ 48. Kh3 Qf1+ 49. Kh4 Qh1+ 50. Kg4 Qh5# 0-1

[Event "Cesme op-A 9th"]
[Site "Cesme"]
[Date "2023.06.20"]
[Round "3"]
[White "Yurtseven, Melih"]
[Black "Durucay, Uygar"]
[Result "1-0"]
[WhiteElo "2330"]
[BlackElo "2067"]
[PlyCount "63"]
[EventDate "2023.06.19"]
[EventType "swiss"]
[EventRounds "9"]
[EventCountry "TUR"]
[SourceTitle "CBM 214 Extra"]
[Source "ChessBase"]
[SourceDate "2023.07.31"]
[SourceVersion "1"]
[SourceVersionDate "2023.07.31"]
[SourceQuality "1"]

1. d4 Nf6 2. Bg5 e6 3. Nd2 d5 4. c3 Be7 5. e3 0-0 6. Bd3 c5 7. f4 b6 8. Qf3 Ba6 9. Bc2 Nbd7 10. Qh3 g6 11. Ngf3 cxd4 12. exd4 Re8 13. Ne5 Nxe5 14. fxe5 Nh5 15. Bxe7 Qxe7 16. 0-0-0 Qg5 17. g3 b5 18. Rhe1 b4 19. cxb4 Rec8 20. Kb1 Bc4 21. b3 Ba6 22. Nf3 Qe7 23. g4 Rxc2 24. Kxc2 Qxb4 25. Ng5 Rc8+ 26. Kb2 h6 27. gxh5 hxg5 28. hxg6 fxg6 29. Qxe6+ Kg7 30. Qf6+ Kh6 31. Re3 g4 32. Qxa6 1-0

[Event "Titled Tuesday intern op 13th Jun Early"]
[Site "Chess.com INT"]
[Date "2023.06.13"]
[Round "10"]
[White "Becerra, Juan David"]
[Black "Durucay, Uygar"]
[Result "1/2-1/2"]
[WhiteElo "2382"]
[BlackElo "2067"]
[PlyCount "145"]
[EventDate "2023.06.13"]
[EventType "swiss (blitz)"]
[EventRounds "11"]
[EventCountry "USA"]
[SourceTitle "EXT 2024"]
[Source "ChessBase"]
[SourceDate "2023.10.10"]
[SourceVersion "1"]
[SourceVersionDate "2023.10.10"]
[SourceQuality "1"]

1. e4 c6 2. c4 d5 3. cxd5 cxd5 4. exd5 Nf6 5. Qa4+ Nbd7 6. Nc3 g6 7. Bc4 Bg7 8. d3 a6 9. Nf3 0-0 10. Qa3 b6 11. 0-0 Bb7 12. Re1 Re8 13. Be3 b5 14. Bb3 Nb6 15. Bxb6 Qxb6 16. Qb4 Rad8 17. Rxe7 Rxe7 18. Qxe7 Nxd5 19. Nxd5 Bxd5 20. Bxd5 Rxd5 21. Qe8+ Bf8 22. d4 Kg7 23. Rc1 Rd8 24. Qe5+ Kg8 25. d5 Bg7 26. Qe7 Bxb2 27. Rc7 Qf6 28. Qxf6 Bxf6 29. Rc6 Be7 30. Rxa6 Rxd5 31. g3 Bc5 32. Kg2 Rd1 33. Rc6 Be7 34. Rc2 Kg7 35. h4 h5 36. Nd2 Re1 37. Kf3 Re6 38. Ne4 Ra6 39. Nc3 Ra3 40. Kg2 b4 41. Nd5 Bd6 42. Rc6 Bf8 43. Rc2 Bd6 44. Ne3 Be5 45. Nc4 Rc3 46. Rxc3 Bxc3 47. Kf3 Kf6 48. Ke4 Ke6 49. f3 Be1 50. g4 Bxh4 51. gxh5 gxh5 52. Ne3 Be7 53. Nf5 Bf6 54. Kf4 Kd5 55. Nh6 Kc4 56. Nxf7 Kc3 57. Nd6 Kb2 58. Ne4 Be7 59. Nf2 h4 60. Nd3+ Kxa2 61. Nxb4+ Bxb4 62. Kg4 Be7 63. Kh3 Kb3 64. Kh2 Kc4 65. Kh1 Kd5 66. f4 Ke4 67. f5 Kxf5 68. Kg2 Kg4 69. Kh1 h3 70. Kh2 Bd6+ 71. Kh1 h2 72. Kg2 h1Q+ 73. Kxh1 1/2-1/2

[Event "Titled Tuesday intern op 13th Jun Early"]
[Site "Chess.com INT"]
[Date "2023.06.13"]
[Round "7"]
[White "Durucay, Uygar"]
[Black "Gavrilov, Maxim"]
[Result "1-0"]
[WhiteElo "2067"]
[BlackElo "2179"]
[PlyCount "93"]
[EventDate "2023.06.13"]
[EventType "swiss (blitz)"]
[EventRounds "11"]
[EventCountry "USA"]
[SourceTitle "EXT 2024"]
[Source "ChessBase"]
[SourceDate "2023.10.10"]
[SourceVersion "1"]
[SourceVersionDate "2023.10.10"]
[SourceQuality "1"]

1. d4 Nf6 2. Nf3 d5 3. Bf4 c5 4. e3 Nc6 5. c3 Qb6 6. Qc1 Bf5 7. Nbd2 e6 8. Be2 cxd4 9. exd4 Rc8 10. 0-0 h6 11. Bd1 Nh5 12. Be3 Bd6 13. Bc2 0-0 14. Qb1 Bxc2 15. Qxc2 Qa6 16. Rfe1 Nb4 17. Qb3 Nd3 18. Red1 Nhf4 19. Bxf4 Nxf4 20. Ne5 f6 21. Nef3 Rc7 22. Re1 Kf7 23. g3 Nd3 24. Re3 Rfc8 25. Qc2 Nb4 26. Qd1 Nc6 27. Nh4 g5 28. Qh5+ Kg8 29. Rxe6 Nd8 30. Nf5 Nxe6 31. Qg6+ Rg7 32. Nxg7 Nxg7 33. Qxf6 Rf8 34. Qxh6 Be7 35. Qxa6 bxa6 36. Re1 Bd6 37. Kg2 g4 38. Nb3 Rb8 39. f3 gxf3+ 40. Kxf3 a5 41. Re2 a4 42. Nc1 Kf7 43. Nd3 Ne6 44. h4 Rf8 45. g4 Nc7 46. g5 Kg6+ 47. Kg4 1-0

[Event "Titled Tuesday intern op 06th Jun Early"]
[Site "Chess.com INT"]
[Date "2023.06.06"]
[Round "2"]
[White "Amilal, Munkhdalai"]
[Black "Durucay, Uygar"]
[Result "1-0"]
[WhiteElo "2235"]
[BlackElo "2067"]
[PlyCount "97"]
[EventDate "2023.06.06"]
[EventType "swiss (blitz)"]
[EventRounds "11"]
[EventCountry "USA"]
[SourceTitle "EXT 2024"]
[Source "ChessBase"]
[SourceDate "2023.10.10"]
[SourceVersion "1"]
[SourceVersionDate "2023.10.10"]
[SourceQuality "1"]

1. e4 c6 2. Nf3 d5 3. Nc3 dxe4 4. Nxe4 Nf6 5. Qe2 Nxe4 6. Qxe4 Be6 7. c4 Nd7 8. h3 Nf6 9. Qe3 Bf5 10. d3 e6 11. g4 Bg6 12. Ne5 Bd6 13. Nxg6 hxg6 14. Bg2 Qc7 15. d4 0-0-0 16. Bd2 Rhe8 17. 0-0-0 e5 18. dxe5 Bxe5 19. Qa3 Kb8 20. Be3 b6 21. Qa4 c5 22. Qb3 Bd4 23. Bxd4 cxd4 24. Kb1 Re2 25. Qf3 Re4 26. g5 Qf4 27. gxf6 Qxf3 28. Bxf3 Rf4 29. Bd5 gxf6 30. Bxf7 Rxf2 31. Bxg6 Rg8 32. Be4 f5 33. Bd5 Re8 34. Rhe1 Rh8 35. Rxd4 Rxh3 36. Ka1 Rhh2 37. Rb1 f4 38. Rd3 Kc7 39. Ra3 a5 40. Rb3 Rd2 41. a3 a4 42. Rb4 Rh3 43. Rf1 Rd4 44. Rxa4 b5 45. Ra7+ Kb6 46. Rb7+ Kc5 47. Rxb5+ Kd6 48. Rb6+ Kc5 49. Rc6# 1-0

[Event "Titled Tuesday intern op 06th Jun Early"]
[Site "Chess.com INT"]
[Date "2023.06.06"]
[Round "4"]
[White "Belov, Alexei"]
[Black "Durucay, Uygar"]
[Result "0-1"]
[WhiteElo "2421"]
[BlackElo "2067"]
[PlyCount "64"]
[EventDate "2023.06.06"]
[EventType "swiss (blitz)"]
[EventRounds "11"]
[EventCountry "USA"]
[SourceTitle "EXT 2024"]
[Source "ChessBase"]
[SourceDate "2023.10.10"]
[SourceVersion "1"]
[SourceVersionDate "2023.10.10"]
[SourceQuality "1"]

1. e4 c6 2. d4 d5 3. Nd2 dxe4 4. Nxe4 Nf6 5. Nxf6+ exf6 6. c3 Bd6 7. Bd3 Na6 8. Ne2 Nc7 9. Qc2 h5 10. 0-0 Kf8 11. Bf4 Nd5 12. Bxd6+ Qxd6 13. Qd2 Be6 14. c4 Ne7 15. Rad1 g6 16. Rfe1 Kg7 17. Nf4 Bf5 18. d5 cxd5 19. Bxf5 Nxf5 20. Qxd5 Qxf4 21. g3 Qc7 22. h4 Rad8 23. Qf3 Rxd1 24. Rxd1 Qxc4 25. Qxb7 Qxa2 26. Kh2 Re8 27. Rd7 Nh6 28. Rd2 Ng4+ 29. Kg2 Qb1 30. Qxa7 Qe4+ 31. f3 Qe1 32. Qd4 Ne3+ 0-1

[Event "Titled Tuesday intern op 30th May Early"]
[Site "Chess.com INT"]
[Date "2023.05.30"]
[Round "4"]
[White "Lenaerts, Lennert"]
[Black "Durucay, Uygar"]
[Result "1-0"]
[WhiteElo "2360"]
[BlackElo "2067"]
[PlyCount "87"]
[EventDate "2023.05.30"]
[EventType "swiss (blitz)"]
[EventRounds "11"]
[EventCountry "USA"]
[SourceTitle "CBM 214 Extra"]
[Source "ChessBase"]
[SourceDate "2023.07.31"]
[SourceVersion "1"]
[SourceVersionDate "2023.07.31"]
[SourceQuality "1"]

1. d4 Nf6 2. c4 e6 3. Nc3 Bb4 4. g3 0-0 5. Bg2 d6 6. Nf3 Qe7 7. 0-0 Bxc3 8. bxc3 e5 9. c5 e4 10. cxd6 cxd6 11. Nd2 d5 12. f3 exf3 13. Nxf3 Nc6 14. Qb3 Na5 15. Qb5 Nc4 16. Bg5 a6 17. Bxf6 Qxf6 18. Qxd5 Ne3 19. Qb3 Nxf1 20. Rxf1 Qe6 21. Ne5 Qxb3 22. axb3 Rb8 23. e4 f6 24. Nc4 b5 25. Nd6 Be6 26. b4 Rfd8 27. e5 fxe5 28. dxe5 Rb6 29. Ra1 Rd7 30. Kf2 Rc7 31. Ra3 Kf8 32. Ke3 Ke7 33. Kd4 Ra7 34. Ra1 Rxd6+ 35. exd6+ Kxd6 36. h4 h6 37. Be4 Bc4 38. g4 g5 39. hxg5 hxg5 40. Rh1 Be6 41. Rh6 Re7 42. Bf5 Kd7 43. Rxe6 Rxe6 44. Kd5 1-0

[Event "Titled Tuesday intern op 30th May Early"]
[Site "Chess.com INT"]
[Date "2023.05.30"]
[Round "10"]
[White "Sousa, Andre Ventura"]
[Black "Durucay, Uygar"]
[Result "0-1"]
[WhiteElo "2472"]
[BlackElo "2067"]
[PlyCount "38"]
[EventDate "2023.05.30"]
[EventType "swiss (blitz)"]
[EventRounds "11"]
[EventCountry "USA"]
[SourceTitle "CBM 214 Extra"]
[Source "ChessBase"]
[SourceDate "2023.07.31"]
[SourceVersion "1"]
[SourceVersionDate "2023.07.31"]
[SourceQuality "1"]

1. e4 c6 2. d4 d5 3. Nd2 dxe4 4. Nxe4 Nf6 5. Nxf6+ exf6 6. Be3 Bd6 7. Bd3 Na6 8. a3 Nc7 9. c4 Be6 10. Ne2 0-0 11. Qc2 g6 12. h4 f5 13. h5 b5 14. b3 a5 15. hxg6 fxg6 16. Nf4 Bxf4 17. Bxf4 Qxd4 18. Qc1 Qxd3 19. Bxc7 Bxc4 0-1

[Event "Titled Tuesday intern op 16th May Early"]
[Site "Chess.com INT"]
[Date "2023.05.16"]
[Round "3"]
[White "Durucay, Uygar"]
[Black "Smietanska, Wiktoria"]
[Result "0-1"]
[WhiteElo "2067"]
[BlackElo "1936"]
[PlyCount "66"]
[EventDate "2023.05.16"]
[EventType "swiss (blitz)"]
[EventRounds "11"]
[EventCountry "USA"]
[SourceTitle "CBM 214 Extra"]
[Source "ChessBase"]
[SourceDate "2023.07.31"]
[SourceVersion "1"]
[SourceVersionDate "2023.07.31"]
[SourceQuality "1"]

1. d4 Nf6 2. Nf3 g6 3. Bg5 Bg7 4. Nbd2 d5 5. e3 0-0 6. Be2 c5 7. c3 Nc6 8. dxc5 h6 9. Bxf6 Bxf6 10. 0-0 e5 11. b4 Qe7 12. Qc2 a5 13. a3 Bf5 14. e4 dxe4 15. Nxe4 Bg7 16. Bd3 Rfd8 17. Rfe1 Rd7 18. Nd6 Bxd3 19. Qxd3 f5 20. Qc4+ Kh7 21. b5 Nd8 22. Rad1 b6 23. Qd5 Nb7 24. Qc6 Rc7 25. Qxb6 Nxc5 26. Rd5 Na4 27. Qe3 e4 28. Nd4 Nxc3 29. Nc6 Nxd5 30. Nxe7 Nxe3 31. Nc6 Nc2 32. Rc1 Nd4 33. a4 Ne2+ 0-1

[Event "Titled Tuesday intern op 16th May Early"]
[Site "Chess.com INT"]
[Date "2023.05.16"]
[Round "4"]
[White "Necula, Iulian"]
[Black "Durucay, Uygar"]
[Result "1-0"]
[WhiteElo "1851"]
[BlackElo "2067"]
[PlyCount "57"]
[EventDate "2023.05.16"]
[EventType "swiss (blitz)"]
[EventRounds "11"]
[EventCountry "USA"]
[SourceTitle "CBM 214 Extra"]
[Source "ChessBase"]
[SourceDate "2023.07.31"]
[SourceVersion "1"]
[SourceVersionDate "2023.07.31"]
[SourceQuality "1"]

1. d4 Nf6 2. Nc3 d5 3. Bf4 c6 4. e3 Bf5 5. Nf3 e6 6. Ne5 Bd6 7. g4 Bg6 8. h4 Bxe5 9. dxe5 Ne4 10. h5 Nxc3 11. bxc3 Be4 12. f3 Qa5 13. Kd2 Na6 14. fxe4 dxe4 15. Bxa6 bxa6 16. Ke2 Qxc3 17. Qd2 Qc4+ 18. Kf2 Rd8 19. Qe2 Qc3 20. Rad1 0-0 21. Rd6 Rxd6 22. exd6 e5 23. Bg3 f5 24. d7 f4 25. exf4 exf4 26. Bh4 e3+ 27. Kf3 Qe5 28. Qd3 g5 29. hxg6 1-0

[Event "World School-ch U13"]
[Site "Rhodes"]
[Date "2023.04.20"]
[Round "7"]
[White "Durucay, Uygar"]
[Black "Tenguundalai, Ganbat"]
[Result "1-0"]
[WhiteElo "1970"]
[BlackElo "1347"]
[PlyCount "129"]
[EventDate "2023.04.14"]
[EventType "swiss"]
[EventRounds "9"]
[EventCountry "GRE"]
[SourceTitle "EXT 2024"]
[Source "ChessBase"]
[SourceDate "2023.10.10"]
[SourceVersion "1"]
[SourceVersionDate "2023.10.10"]
[SourceQuality "1"]

1. d4 Nf6 2. Nf3 b6 3. Bg5 Bb7 4. Nbd2 h6 5. Bxf6 exf6 6. e3 d5 7. Bd3 Bd6 8. 0-0 0-0 9. c4 c5 10. cxd5 Bxd5 11. e4 Bb7 12. d5 Nd7 13. Nc4 Ne5 14. Nfxe5 fxe5 15. Ne3 g6 16. a4 Qg5 17. g3 Bc8 18. h4 Qe7 19. a5 Bh3 20. Re1 Rab8 21. axb6 axb6 22. Kh2 Bd7 23. Ra7 b5 24. b3 Ra8 25. Qa1 Rxa7 26. Qxa7 f5 27. Ng2 fxe4 28. Bxe4 Rxf2 29. Ra1 Rf8 30. Ra6 Rb8 31. h5 g5 32. Ne3 Rf8 33. Qb6 Rf6 34. Ra8+ Rf8 35. Ra7 Rb8 36. Qa6 Bc8 37. Rxe7 Bxa6 38. Re6 Rb6 39. Nf5 c4 40. bxc4 Bc5 41. d6 bxc4 42. d7 Rb2+ 43. Kh3 Rd2 44. Re8+ Kf7 45. Nxh6+ Kf6 46. Ng4+ Kf7 47. Nxe5+ Kg7 48. d8Q Rxd8 49. Rxd8 c3 50. Bd3 g4+ 51. Kxg4 Be7 52. Rd7 Bc8 53. Kf4 Bxd7 54. Nxd7 Bd6+ 55. Kg4 Kh6 56. Nf6 Be5 57. Ne4 Bb8 58. Kh4 Be5 59. g4 Bd4 60. g5+ Kg7 61. h6+ Kh8 62. g6 c2 63. Bxc2 Bf6+ 64. Kh5 Be5 65. Ng5 1-0